000 00577nam a2200193 i 4500
001 33239
003 ES-MaACL
005 20250801034156.0
007 t|
008 030201s1961 sp ||||1| spa d
100 1 _aBichlmair, Georg.
_928775
245 1 3 _aEl cristianismo auténtico /
_cGeorg Bichlmair ; [versión española de Juan Godo Costa].
260 _aBarcelona :
_bHerder,
_c1961.
300 _a130 p. ;
_c17 cm.
650 0 7 _aCristianismo
_2embne
_911425
700 1 _aGodo Costa, Juan.
_957532
852 _aES-MaACL
_jC-20203
_bR.48164
999 _c33239
_d33239